000 00461nam a2200193Ia 4500
005 20240823055845.0
008 240823s9999||||xx |||||||||||||| ||und||
020 _a912776366
041 _aENGLISH
082 _A294.5436 M4
100 _aBhaktivedanta Swami Prabhupada A C
245 4 _aThe Perfection of Yoga
250 _a1st
260 _c1984
_bThe Bhaktivedanta Book
500 _aYES
650 _aYoga
_bGeneral
942 _cBK
999 _c229768
_d229768